Социальная работа с детьми в семьях разведенных родителей: учебное пособие

Dades bibliogràfiques
Autor principal: Савинов Л. И. Леонид Иванович
Altres autors: Кузнецова Е. В. Екатерина Викторовна
Sumari:В пособии на основе анализа теоретического материала и данных собственных многоплановых эмпирических исследований рассматриваются актуальные проблемы социальной работы с детьми в семьях разведенных родителей. Для студентов специальностей «Социальная работа», «Психология», «Социология» и слушателей курсов повышения квалификации специалистов социальных служб. Может быть полезно сотрудникам органов системы социальной защиты семьи, психологам, педагогам, разведенным родителям для организации само- и взаимопомощи.
Idioma:rus
Publicat: Москва, Дашков и К, 2006
Edició:2-е изд.
Matèries:
Format: MixedMaterials Llibre
KOHA link:https://koha.lib.tpu.ru/cgi-bin/koha/opac-detail.pl?biblionumber=84327

MARC

LEADER 00000nam0a2200000 4500
001 84327
005 20231031100536.0
010 |a 5947987740 
035 |a (RuTPU)RU\TPU\book\90648 
090 |a 84327 
100 |a 20051027d2006 m y0rusy50 ca 
101 0 |a rus 
102 |a RU 
105 |a y j 001zy 
200 1 |a Социальная работа с детьми в семьях разведенных родителей  |e учебное пособие  |f Л. И. Савинов, Е. В. Кузнецова 
205 |a 2-е изд. 
210 |a Москва  |c Дашков и К  |d 2006 
215 |a 216 с. 
320 |a Библиогр.: с. 177-193. 
330 |a В пособии на основе анализа теоретического материала и данных собственных многоплановых эмпирических исследований рассматриваются актуальные проблемы социальной работы с детьми в семьях разведенных родителей. Для студентов специальностей «Социальная работа», «Психология», «Социология» и слушателей курсов повышения квалификации специалистов социальных служб. Может быть полезно сотрудникам органов системы социальной защиты семьи, психологам, педагогам, разведенным родителям для организации само- и взаимопомощи. 
451 1 |0 (RuTPU)RU\TPU\book\160813  |y 978-5-91131-592-4  |t Социальная работа с детьми в семьях разведенных родителей  |o учебное пособие  |f Л. И. Савинов, Е. В. Камышова  |e 4-е изд., перераб. и доп.  |c М.  |n Дашков и К  |d 2008  |p 260 с.  |a Савинов, Леонид Иванович 
610 1 |a экономика 
610 1 |a социальное обеспечение 
610 1 |a социальная работа 
610 1 |a неполные семьи 
610 1 |a дети 
610 1 |a родители 
610 1 |a развод 
610 1 |a Россия 
610 1 |a учебные пособия 
686 |a У9(2)272  |v LBC/SL-A  |2 rubbk 
700 1 |a Савинов  |b Л. И.  |g Леонид Иванович 
701 1 |a Кузнецова  |b Е. В.  |g Екатерина Викторовна 
801 1 |a RU  |b 63413507  |c 20051027  |g PSBO 
801 2 |a RU  |b 63413507  |c 20120209  |g PSBO 
900 |a Социальная работа 
900 |a Психология личности 
900 |a Опыт социальной работы с различными группами населения 
942 |c BK 
951 |b 040101 
959 |a 84/20051019  |d 1  |e 83,71  |f ЧЗГЛ:1